[Event "DEM U12/U12w 2013"]
[Site "Oberhof GER"]
[Date "2013.05.24"]
[Round "9"]
[White "Perekhozhuk, Maksym"]
[Black "Rockmann, Jan-Okke"]
[Result "0-1"]
[Termination "normal"]
[Board "10"]
[WhiteElo "1749"]
[BlackElo "1785"]
[PlyCount "86"]
[WhiteFideId "12914860"]
[BlackFideId "12942111"]
[EventCountry "GER"]
[EventRounds "11"]
[EventType "swiss"]
[EventDate "2013.05.18"]

1. e4 e5 2. Nf3 Nc6 3. Bc4 Bc5 4. c3 Nf6 5. d3 O-O 6. O-O d5 7. exd5 Nxd5 8.
Nbd2 Nb6 9. Qe2 Nxc4 10. Nxc4 f6 11. Be3 Bf5 12. Rad1 Be7 13. b4 b5 14. Nb2 a6
15. a3 Re8 16. Nh4 Be6 17. Qf3 Bf8 18. Qe2 g6 19. Rfe1 Bg7 20. Bc5 f5 21. Nf3
Qf6 22. Rc1 Rad8 23. Nd1 Bf7 24. Ne3 h6 25. Qc2 Nb8 26. d4 e4 27. Ne5 Be6 28.
Ba7 Qg5 29. Bxb8 Rxb8 30. Rcd1 f4 31. Nf1 Bf5 32. Qa2+ Be6 33. Qc2 Bd5 34. Nd7
Rbd8 35. Nc5 e3 36. fxe3 fxe3 37. Rd3 e2 38. Ng3 Bc4 39. Rf3 Rf8 40. Nce4 Qh4
41. Rxf8+ Rxf8 42. Nf2 Qf4 43. Nfe4 Qf1+ 0-1

[Event "DEM U12/U12w 2013"]
[Site "Oberhof GER"]
[Date "2013.05.24"]
[Round "9"]
[White "Sanati, Charlotte"]
[Black "Birg, Raphael"]
[Result "0-1"]
[Termination "normal"]
[Board "11"]
[WhiteElo "1672"]
[BlackElo "1542"]
[PlyCount "80"]
[WhiteFideId "12907707"]
[BlackFideId "12971774"]
[EventCountry "GER"]
[EventRounds "11"]
[EventType "swiss"]
[EventDate "2013.05.18"]

1. e4 e5 2. Nf3 Nc6 3. Bb5 a6 4. Ba4 b5 5. Bb3 Nf6 6. O-O Bc5 7. Nxe5 Nxe5 8.
d4 Bxd4 9. Qxd4 d6 10. a3 c5 11. Qd1 Bb7 12. f3 O-O 13. Nc3 c4 14. Ba2 d5 15.
exd5 Nxd5 16. Nxd5 Bxd5 17. Bf4 Ng6 18. Bg3 Qb6+ 19. Bf2 Qc6 20. c3 Rad8 21.
Bd4 Rfe8 22. Qd2 Ne5 23. Rae1 Nd3 24. Rxe8+ Rxe8 25. Bb1 Nc5 26. Qf2 Ne6 27.
Be3 Nf8 28. Rd1 Ng6 29. Rd4 Qe6 30. Bd2 Qc6 31. Rg4 Qe6 32. Kf1 Qd6 33. f4 Be4
34. Bxe4 Rxe4 35. Kg1 Qd3 36. Bc1 Qd1+ 37. Qf1 Qxg4 38. f5 Nf4 39. Bxf4 Qxf4
40. Qd1 Qe3+ 0-1

[Event "DEM U12/U12w 2013"]
[Site "Oberhof GER"]
[Date "2013.05.24"]
[Round "9"]
[White "Kölz, Niklas"]
[Black "Mantel, Ruben"]
[Result "0-1"]
[Termination "normal"]
[Board "12"]
[WhiteElo "1629"]
[BlackElo "1667"]
[PlyCount "70"]
[WhiteFideId "12971758"]
[BlackFideId "12930121"]
[EventCountry "GER"]
[EventRounds "11"]
[EventType "swiss"]
[EventDate "2013.05.18"]

1. e4 c5 2. Nf3 Nc6 3. d4 cxd4 4. Nxd4 g6 5. Nc3 Bg7 6. Be3 Nf6 7. Bc4 Qa5 8.
O-O d6 9. h3 Bd7 10. Bb3 Rc8 11. a3 a6 12. f4 O-O 13. Qd3 Qc7 14. Rad1 Na5 15.
Rfe1 b5 16. Ba2 Nc4 17. Bxc4 bxc4 18. Qe2 Qb7 19. Bc1 Nh5 20. Qe3 e5 21. fxe5
dxe5 22. Nf3 Rfe8 23. Nd5 Be6 24. Rd2 f5 25. Nc3 f4 26. Qf2 Bf8 27. Kh2 Bc5 28.
Qe2 Ng3 29. Qd1 Qc7 30. Ng5 Qe7 31. Nxe6 Qxe6 32. Qg4 Qxg4 33. hxg4 g5 34. Rd5
Re6 35. Nd1 Rh6# 0-1

[Event "DEM U12/U12w 2013"]
[Site "Oberhof GER"]
[Date "2013.05.24"]
[Round "9"]
[White "Reimann, Sebastian"]
[Black "Schulze, Lara"]
[Result "1-0"]
[Termination "normal"]
[Board "13"]
[WhiteElo "1629"]
[BlackElo "1839"]
[PlyCount "111"]
[WhiteFideId "12928054"]
[BlackFideId "12956830"]
[EventCountry "GER"]
[EventRounds "11"]
[EventType "swiss"]
[EventDate "2013.05.18"]

1. e4 e6 2. d4 d5 3. Nd2 Nf6 4. e5 Nfd7 5. Bd3 c5 6. c3 Nc6 7. Ne2 cxd4 8. cxd4
f6 9. exf6 Nxf6 10. Nf3 Bd6 11. O-O Qc7 12. Re1 O-O 13. Ng3 Bd7 14. b3 e5 15.
dxe5 Nxe5 16. Be3 Bg4 17. Be2 Bxf3 18. Bxf3 Nxf3+ 19. Qxf3 Qf7 20. Rad1 b6 21.
Bd4 Bb4 22. Rf1 Rad8 23. Rc1 Rd7 24. Rc6 Ne8 25. Qg4 Rd6 26. Rxd6 Bxd6 27. Qg5
h6 28. Qg4 Nf6 29. Bxf6 Qxf6 30. Qh5 Qf7 31. Qxf7+ Rxf7 32. Rd1 Bxg3 33. hxg3
Rd7 34. f3 Kf7 35. Kf2 Ke6 36. Ke3 Rc7 37. Rd2 Ke5 38. f4+ Kd6 39. Kd4 Re7 40.
Rc2 Re4+ 41. Kd3 g5 42. Rf2 Ke6 43. a3 a6 44. a4 a5 45. Rf3 g4 46. Re3 Kf5 47.
Rxe4 dxe4+ 48. Kd4 h5 49. Ke3 h4 50. gxh4 g3 51. h5 Kf6 52. Kxe4 Kg7 53. f5 Kf6
54. h6 Kf7 55. Ke5 Kf8 56. f6 1-0

[Event "DEM U12/U12w 2013"]
[Site "Oberhof GER"]
[Date "2013.05.24"]
[Round "9"]
[White "Alekhanov, Jannis"]
[Black "Wierzbicki, Jirawat"]
[Result "1/2-1/2"]
[Termination "normal"]
[Board "14"]
[WhiteElo "1675"]
[BlackElo "1704"]
[PlyCount "61"]
[WhiteFideId "12921238"]
[BlackFideId "1153579"]
[EventCountry "GER"]
[EventRounds "11"]
[EventType "swiss"]
[EventDate "2013.05.18"]

1. e4 e5 2. Nf3 Nc6 3. Bc4 Nf6 4. Ng5 d5 5. exd5 Na5 6. Bb5+ c6 7. dxc6 bxc6 8.
Bd3 h6 9. Ne4 Nd5 10. O-O Be6 11. Nbc3 Be7 12. Nxd5 cxd5 13. Bb5+ Bd7 14. Bxd7+
Qxd7 15. Ng3 O-O 16. d3 f5 17. f3 f4 18. Nh1 Bc5+ 19. Nf2 g5 20. c3 Nc6 21. Qe2
Rae8 22. b4 Bb6 23. a4 h5 24. a5 Bc7 25. Ba3 Rf7 26. Rfe1 Qf5 27. Rad1 Kg7 28.
Qa2 Rd7 29. Re2 g4 30. fxg4 hxg4 31. Qb1 1/2-1/2

[Event "DEM U12/U12w 2013"]
[Site "Oberhof GER"]
[Date "2013.05.24"]
[Round "9"]
[White "Schnabel, Bennett"]
[Black "Reimers, Kim"]
[Result "1/2-1/2"]
[Termination "normal"]
[Board "16"]
[WhiteElo "1708"]
[BlackElo "1603"]
[PlyCount "67"]
[WhiteFideId "12943290"]
[BlackFideId "12930377"]
[EventCountry "GER"]
[EventRounds "11"]
[EventType "swiss"]
[EventDate "2013.05.18"]

1. d4 d5 2. Nf3 e6 3. e3 Nf6 4. Bd3 Nbd7 5. O-O a6 6. Nbd2 Be7 7. c3 O-O 8. e4
dxe4 9. Nxe4 b5 10. Nxf6+ Nxf6 11. Bg5 Bb7 12. Re1 h6 13. Bh4 Rc8 14. Qe2 Nd5
15. Bxe7 Qxe7 16. Qe4 g6 17. Qh4 Qxh4 18. Nxh4 c5 19. dxc5 Rxc5 20. Be4 Rfc8
21. Nf3 Ba8 22. Rad1 Rc4 23. Nd2 R4c7 24. Nb3 Rd7 25. h3 Rcc7 26. g3 Kg7 27. f4
Nb6 28. Bxa8 Nxa8 29. Rd4 Nb6 30. Kf2 Rxd4 31. Nxd4 Nc4 32. Rxe6 Nxb2 33. Rxa6
Nd1+ 34. Kf3 1/2-1/2

[Event "DEM U12/U12w 2013"]
[Site "Oberhof GER"]
[Date "2013.05.24"]
[Round "9"]
[White "Müller, Elias"]
[Black "Enache, Rares"]
[Result "1/2-1/2"]
[Termination "normal"]
[Board "17"]
[WhiteElo "1674"]
[BlackElo "1628"]
[PlyCount "70"]
[WhiteFideId "12917133"]
[BlackFideId "12976440"]
[EventCountry "GER"]
[EventRounds "11"]
[EventType "swiss"]
[EventDate "2013.05.18"]

1. e4 d5 2. exd5 Qxd5 3. Nc3 Qa5 4. d4 c6 5. Nf3 Nf6 6. Ne5 Bf5 7. Nc4 Qc7 8.
Bd3 Bg6 9. Qf3 Bxd3 10. Bf4 Qd8 11. Qxd3 e6 12. O-O Bb4 13. a3 Bxc3 14. Nd6+
Ke7 15. Qxc3 Nd5 16. Qc5 b6 17. Nf5+ Kf6 18. Be5+ Kxf5 19. Qc4 Kg6 20. Qd3+ f5
21. c4 Nf6 22. Qg3+ Kf7 23. d5 cxd5 24. cxd5 Qc8 25. Rfd1 Na6 26. dxe6+ Qxe6
27. Rd6 Qe7 28. Qb3+ Kf8 29. Qf3 Re8 30. Re1 Rd8 31. Qd3 Kf7 32. Qb3+ Kf8 33.
Qd3 Kf7 34. Qb3+ Kf8 35. Qd3 Kf7 1/2-1/2

[Event "DEM U12/U12w 2013"]
[Site "Oberhof GER"]
[Date "2013.05.24"]
[Round "9"]
[White "Wong, Gengchun"]
[Black "Rieß, Alexander"]
[Result "1-0"]
[Termination "normal"]
[Board "18"]
[WhiteElo "1654"]
[BlackElo "1605"]
[PlyCount "43"]
[WhiteFideId "12963283"]
[BlackFideId "12953326"]
[EventCountry "GER"]
[EventRounds "11"]
[EventType "swiss"]
[EventDate "2013.05.18"]

1. e4 c5 2. Nf3 e6 3. d4 cxd4 4. Nxd4 a6 5. Nc3 Qc7 6. Bd3 Nf6 7. O-O d6 8. Kh1
Be7 9. f4 O-O 10. Qe2 Nbd7 11. Bd2 b6 12. Rae1 g6 13. e5 dxe5 14. fxe5 Nh5 15.
Bh6 Ng7 16. Nd1 Bb7 17. Nf2 Rfd8 18. Ng4 Nf5 19. Nxf5 gxf5 20. Bxf5 exf5 21. e6
fxg4 22. Qxg4+ 1-0

[Event "DEM U12/U12w 2013"]
[Site "Oberhof GER"]
[Date "2013.05.24"]
[Round "9"]
[White "Weber, Samuel"]
[Black "Schirra, Maurice"]
[Result "1/2-1/2"]
[Termination "normal"]
[Board "19"]
[WhiteElo "1703"]
[BlackElo "1656"]
[PlyCount "45"]
[WhiteFideId "12924008"]
[BlackFideId "12941115"]
[EventCountry "GER"]
[EventRounds "11"]
[EventType "swiss"]
[EventDate "2013.05.18"]

1. d4 Nf6 2. c4 g6 3. Nc3 Bg7 4. e4 d6 5. f4 c5 6. d5 O-O 7. Nf3 Nbd7 8. Be2
Nb6 9. e5 Ne8 10. O-O Bg4 11. Ng5 Bxe2 12. Qxe2 h6 13. Nf3 Nc7 14. Be3 Qd7 15.
Rad1 Rae8 16. Bf2 a6 17. Bg3 Nc8 18. a4 Na7 19. a5 Nc8 20. b3 b6 21. axb6 Nxb6
22. Qc2 Ra8 23. Ne4 1/2-1/2

[Event "DEM U12/U12w 2013"]
[Site "Oberhof GER"]
[Date "2013.05.24"]
[Round "9"]
[White "Engel, Johann"]
[Black "Fromm, Katja"]
[Result "1-0"]
[Termination "normal"]
[Board "20"]
[WhiteElo "1650"]
[BlackElo "1546"]
[PlyCount "101"]
[WhiteFideId "12920509"]
[BlackFideId "12929409"]
[EventCountry "GER"]
[EventRounds "11"]
[EventType "swiss"]
[EventDate "2013.05.18"]

1. d4 Nf6 2. c4 e6 3. Nc3 d5 4. Bg5 c6 5. e3 Nbd7 6. Nf3 Qa5 7. Qb3 Ne4 8. Bf4
Bb4 9. Rc1 O-O 10. Bd3 f5 11. O-O Be7 12. Ne5 Nd2 13. Qd1 Nxf1 14. Kxf1 Qd8 15.
Qh5 Qe8 16. Qxe8 Rxe8 17. cxd5 Nxe5 18. dxe5 exd5 19. Ne2 Bh4 20. g3 Bd8 21. h4
h6 22. h5 Kf7 23. Nd4 g5 24. hxg6+ Kxg6 25. g4 Bc7 26. gxf5+ Kg7 27. Nf3 Rh8
28. Ke2 Kf8 29. Rg1 Bd7 30. Rg6 Re8 31. Bxh6+ Rxh6 32. Rxh6 Bxe5 33. Nxe5 Rxe5
34. f4 Re7 35. Kf3 Rf7 36. f6 Kg8 37. f5 c5 38. Kf4 c4 39. Be2 Rh7 40. Rxh7
Kxh7 41. Ke5 b5 42. Kxd5 Bxf5 43. e4 Bc8 44. Kd6 Kg8 45. Ke7 Be6 46. Kxe6 Kf8
47. e5 a5 48. f7 a4 49. Kf6 a3 50. e6 axb2 51. e7# 1-0

[Event "DEM U12/U12w 2013"]
[Site "Oberhof GER"]
[Date "2013.05.24"]
[Round "9"]
[White "Weller, Uli"]
[Black "Hoffmann, Fabian"]
[Result "1-0"]
[Termination "normal"]
[Board "21"]
[WhiteElo "1501"]
[BlackElo "1650"]
[PlyCount "99"]
[WhiteFideId "12971782"]
[BlackFideId "12964891"]
[EventCountry "GER"]
[EventRounds "11"]
[EventType "swiss"]
[EventDate "2013.05.18"]

1. e4 e5 2. Nf3 Nc6 3. Bc4 Bc5 4. c3 Nf6 5. b4 Bb6 6. Qb3 O-O 7. d3 a6 8. h3
Ba7 9. Bg5 Qe7 10. a4 d6 11. O-O Be6 12. Nbd2 h6 13. Be3 Nh5 14. d4 exd4 15.
cxd4 Bxc4 16. Qxc4 Rad8 17. Rfc1 Bb6 18. a5 Ba7 19. d5 Bxe3 20. fxe3 Ne5 21.
Nxe5 dxe5 22. Nf3 Rd7 23. b5 Ra8 24. bxa6 Rxa6 25. Qb5 Ng3 26. Kh2 Nxe4 27.
Qxb7 Qd6 28. Rc6 Rxc6 29. dxc6 Rd8 30. a6 Nc5 31. a7 e4+ 32. Kh1 exf3 33. a8=Q
fxg2+ 34. Kg1 Rxa8 35. Qxa8+ Kh7 36. Qa2 Qf6 37. Qc2+ g6 38. Rc1 Ne6 39. Qf2
Qxf2+ 40. Kxf2 Kg7 41. Kxg2 Kf6 42. Rd1 Ke5 43. Kf3 Nc5 44. e4 f6 45. Rd5+ Ke6
46. Rxc5 Kd6 47. Rc1 h5 48. Kf4 Ke6 49. Rd1 g5+ 50. Kf3 1-0

[Event "DEM U12/U12w 2013"]
[Site "Oberhof GER"]
[Date "2013.05.24"]
[Round "9"]
[White "Laubrock, Paul"]
[Black "Degenhard, Simon"]
[Result "1/2-1/2"]
[Termination "normal"]
[Board "22"]
[WhiteElo "1671"]
[BlackElo "1711"]
[PlyCount "94"]
[WhiteFideId "1270509"]
[BlackFideId "12944017"]
[EventCountry "GER"]
[EventRounds "11"]
[EventType "swiss"]
[EventDate "2013.05.18"]

1. e4 e6 2. d4 d5 3. exd5 exd5 4. Bd3 Bd6 5. Nc3 Ne7 6. Nge2 Nbc6 7. Be3 Bg4 8.
f3 Be6 9. Qd2 Qd7 10. O-O-O O-O-O 11. Rhe1 Nb4 12. Bf4 Bf5 13. Bxf5 Nxf5 14.
Kb1 Rhe8 15. Bxd6 Nxd6 16. Nf4 Nc4 17. Qf2 Qd6 18. g3 Qb6 19. b3 Na3+ 20. Kb2
Rxe1 21. Qxe1 Nc4+ 22. Kc1 g5 23. Nfxd5 Nxd5 24. Nxd5 Rxd5 25. bxc4 Rd8 26. Qc3
Qh6 27. Qd3 g4+ 28. f4 Qg6 29. c3 Qxd3 30. Rxd3 Re8 31. Kd2 f5 32. Re3 Rxe3 33.
Kxe3 Kd7 34. d5 Kd6 35. Kd4 b6 36. c5+ bxc5+ 37. Kd3 c6 38. dxc6 Kxc6 39. c4
Kb6 40. Kc3 Ka5 41. Kb3 h6 42. Ka3 h5 43. Kb3 Kb6 44. Ka4 Ka6 45. Kb3 Kb6 46.
Kc3 Ka5 47. Kb3 Kb6 1/2-1/2

[Event "DEM U12/U12w 2013"]
[Site "Oberhof GER"]
[Date "2013.05.24"]
[Round "9"]
[White "Ott, Josef Sebastian"]
[Black "Shoipov, Dennie"]
[Result "0-1"]
[Termination "normal"]
[Board "23"]
[WhiteElo "1600"]
[BlackElo "1816"]
[PlyCount "52"]
[WhiteFideId "12952079"]
[BlackFideId "14137755"]
[EventCountry "GER"]
[EventRounds "11"]
[EventType "swiss"]
[EventDate "2013.05.18"]

1. e4 c5 2. Nc3 Nc6 3. f4 g6 4. Nf3 Bg7 5. Bc4 e6 6. O-O Nge7 7. Qe1 O-O 8. e5
d5 9. exd6 Qxd6 10. d3 Nd5 11. Ne4 Qc7 12. Bxd5 exd5 13. Nxc5 Nd4 14. Nb3 Nxc2
15. Qd2 Nxa1 16. Nxa1 Re8 17. Nc2 b6 18. g3 Bh3 19. Re1 Rac8 20. Rxe8+ Rxe8 21.
Ng5 Bf5 22. Ne1 Rc8 23. Qe2 Qxc1 24. g4 Bxg4 25. Qxg4 Qxe1+ 26. Kg2 Re8 0-1

[Event "DEM U12/U12w 2013"]
[Site "Oberhof GER"]
[Date "2013.05.24"]
[Round "9"]
[White "Meyling, Lennart"]
[Black "Heldt, Nils-Lennart"]
[Result "1-0"]
[Termination "normal"]
[Board "24"]
[WhiteElo "1628"]
[BlackElo "1499"]
[PlyCount "41"]
[WhiteFideId "12947130"]
[BlackFideId "12952109"]
[EventCountry "GER"]
[EventRounds "11"]
[EventType "swiss"]
[EventDate "2013.05.18"]

1. e4 e5 2. Nf3 Nc6 3. d4 exd4 4. Bc4 Nf6 5. O-O Nxe4 6. Re1 d5 7. Bxd5 Qxd5 8.
Nc3 Qd8 9. Nxe4 Be7 10. Nfg5 O-O 11. Qd3 g6 12. c3 Bf5 13. Qg3 Kg7 14. Qf4 Bxe4
15. Nxe4 Rh8 16. Qh6+ Kg8 17. Bf4 Bf8 18. Qh3 Bg7 19. Bg5 f6 20. Qe6+ Kf8 21.
Nxf6 1-0

[Event "DEM U12/U12w 2013"]
[Site "Oberhof GER"]
[Date "2013.05.24"]
[Round "9"]
[White "Acikel, Mert"]
[Black "Fesselier, Chelsea"]
[Result "1-0"]
[Termination "normal"]
[Board "25"]
[WhiteElo "1727"]
[BlackElo "1416"]
[PlyCount "65"]
[WhiteFideId "12956465"]
[BlackFideId "26024624"]
[EventCountry "GER"]
[EventRounds "11"]
[EventType "swiss"]
[EventDate "2013.05.18"]

1. e4 c5 2. Nf3 e6 3. d4 cxd4 4. Nxd4 Nc6 5. Nc3 Qc7 6. Be3 a6 7. Bd3 d6 8. O-O
Nf6 9. f4 Be7 10. h3 O-O 11. Qe1 Nxd4 12. Bxd4 b5 13. a3 Bb7 14. Qg3 Qd8 15.
Qe3 Rc8 16. Qd2 Qc7 17. Rae1 Rfd8 18. Be3 h6 19. Re2 Nh5 20. Rd1 Nf6 21. f5 Rf8
22. Rf2 Qd7 23. Qe2 exf5 24. exf5 d5 25. Bd4 Rfe8 26. Qd2 Qd8 27. Re2 Nh5 28.
Rde1 Ng3 29. Re3 Nh5 30. f6 Nxf6 31. Bxf6 gxf6 32. Rg3+ Kf8 33. Qxh6# 1-0

[Event "DEM U12/U12w 2013"]
[Site "Oberhof GER"]
[Date "2013.05.24"]
[Round "9"]
[White "Riedel, Erich"]
[Black "Groth, Kevin"]
[Result "1-0"]
[Termination "normal"]
[Board "26"]
[WhiteElo "1767"]
[BlackElo "1399"]
[PlyCount "93"]
[WhiteFideId "12958646"]
[BlackFideId "12971804"]
[EventCountry "GER"]
[EventRounds "11"]
[EventType "swiss"]
[EventDate "2013.05.18"]

1. e4 e5 2. Nf3 Nc6 3. d4 exd4 4. Nxd4 Qh4 5. Nc3 Bb4 6. Be2 Qxe4 7. Ndb5 Bxc3+
8. bxc3 Kd8 9. O-O a6 10. Nd4 Nge7 11. Bg5 f6 12. Bf3 Qg6 13. Bf4 Nxd4 14. cxd4
d5 15. Re1 Qf7 16. Qe2 Bd7 17. Bxc7+ Kxc7 18. Qxe7 Qxe7 19. Rxe7 g6 20. Bxd5
Kd6 21. Rae1 Rac8 22. Bb3 b5 23. Rf7 Rcf8 24. Rxf8 Rxf8 25. f3 a5 26. c3 Rc8
27. Re3 a4 28. Bd1 f5 29. f4 h5 30. h4 Be6 31. a3 Bf7 32. Kf2 Be6 33. Ke1 Bf7
34. Kd2 Rb8 35. Re5 Rb6 36. Bf3 Rb8 37. Rc5 Rb6 38. g3 Be6 39. Be2 Bd7 40. Kc2
Bc6 41. c4 b4 42. Ra5 Be4+ 43. Kc1 Rb8 44. Rxa4 b3 45. Kb2 Bc2 46. c5+ Kc7 47.
Bc4 1-0

[Event "DEM U12/U12w 2013"]
[Site "Oberhof GER"]
[Date "2013.05.24"]
[Round "9"]
[White "Petersen, Marcel"]
[Black "Poetsch, Leonore"]
[Result "0-1"]
[Termination "normal"]
[Board "27"]
[WhiteElo "1582"]
[BlackElo "1468"]
[PlyCount "54"]
[WhiteFideId "12935670"]
[BlackFideId "12940372"]
[EventCountry "GER"]
[EventRounds "11"]
[EventType "swiss"]
[EventDate "2013.05.18"]

1. e4 e6 2. d4 d5 3. e5 c5 4. c3 Qb6 5. Nf3 Bd7 6. Be2 Bb5 7. O-O Bxe2 8. Qxe2
Nc6 9. Be3 Nh6 10. Bxh6 gxh6 11. Qd2 cxd4 12. cxd4 Bg7 13. Re1 O-O 14. Nc3 Rac8
15. b3 Qb4 16. Rac1 b5 17. g4 Kh8 18. Kh1 a6 19. h4 Qe7 20. Qd3 Nb4 21. Qb1 f6
22. Kg2 fxe5 23. dxe5 Qf7 24. Re3 d4 25. Ne4 Rxc1 26. Qxc1 dxe3 27. Qxe3 Nd5
0-1

[Event "DEM U12/U12w 2013"]
[Site "Oberhof GER"]
[Date "2013.05.24"]
[Round "9"]
[White "Liebeck, Eddie"]
[Black "Rosenhain, Rachela"]
[Result "1/2-1/2"]
[Termination "normal"]
[Board "28"]
[WhiteElo "1726"]
[BlackElo "1335"]
[PlyCount "122"]
[WhiteFideId "12945854"]
[BlackFideId "12957615"]
[EventCountry "GER"]
[EventRounds "11"]
[EventType "swiss"]
[EventDate "2013.05.18"]

1. d4 Nf6 2. c4 c5 3. e3 g6 4. Nc3 Bg7 5. Bd3 O-O 6. Nge2 d6 7. O-O Nc6 8. a3
Nd7 9. d5 Nce5 10. b3 Nxd3 11. Qxd3 Ne5 12. Qc2 a6 13. Rb1 Qe8 14. a4 Rb8 15.
h3 Qd8 16. Bd2 Nd7 17. Ng3 f5 18. Nce2 Nf6 19. Bc3 b5 20. axb5 axb5 21. Ra1
bxc4 22. bxc4 e6 23. Nf4 e5 24. Nfe2 Nd7 25. f3 Bb7 26. Rfb1 Qe7 27. Ra7 Nf6
28. Bd2 Rf7 29. Nc3 Qd8 30. Nb5 Ne8 31. Ne2 Qc8 32. Nec3 Ra8 33. Rba1 Rxa7 34.
Rxa7 Ba6 35. Rxf7 Kxf7 36. Qa4 Ke7 37. Qa5 Bf8 38. Qb6 Kf6 39. Ne2 Bxb5 40.
Qxb5 Ke7 41. Ba5 Nf6 42. Nc3 Bh6 43. Kf2 e4 44. f4 Bg7 45. Qb6 Nd7 46. Qb5 Qh8
47. Na4 Qa8 48. Nb6 Nxb6 49. Qxb6 Qc8 50. Ke1 h6 51. h4 Bf6 52. g3 Qd7 53. Qc7
Qxc7 54. Bxc7 Kd7 55. Ba5 Kc8 56. Kd2 g5 57. hxg5 hxg5 58. Ke2 g4 59. Kd2 Bd8
60. Bc3 Kb7 61. Kc2 Ka6 1/2-1/2

[Event "DEM U12/U12w 2013"]
[Site "Oberhof GER"]
[Date "2013.05.24"]
[Round "9"]
[White "Zienert, Richard"]
[Black "Reinecke, Katharina"]
[Result "1-0"]
[Termination "normal"]
[Board "29"]
[WhiteElo "1846"]
[BlackElo "1608"]
[PlyCount "30"]
[WhiteFideId "12945986"]
[BlackFideId "12929727"]
[EventCountry "GER"]
[EventRounds "11"]
[EventType "swiss"]
[EventDate "2013.05.18"]

1. e4 c6 2. d4 d5 3. e5 Bf5 4. Nf3 e6 5. Be2 c5 6. O-O Qb6 7. Nc3 a6 8. dxc5
Qxc5 9. Nd4 Ne7 10. h4 Nec6 11. Be3 Nxd4 12. Bxd4 Qb4 13. a3 Qxb2 14. Ne4 Qxa1
15. Nd6+ Bxd6 1-0

[Event "DEM U12/U12w 2013"]
[Site "Oberhof GER"]
[Date "2013.05.24"]
[Round "9"]
[White "Steffens, Oliver"]
[Black "Ewert, Hannes"]
[Result "1-0"]
[Termination "normal"]
[Board "30"]
[WhiteElo "1432"]
[BlackElo "1678"]
[PlyCount "87"]
[WhiteFideId "12947148"]
[BlackFideId "12961574"]
[EventCountry "GER"]
[EventRounds "11"]
[EventType "swiss"]
[EventDate "2013.05.18"]

1. e4 e6 2. d3 d5 3. Nd2 Nf6 4. Ngf3 dxe4 5. dxe4 Bc5 6. Be2 O-O 7. O-O Qe7 8.
c3 a6 9. Qc2 Nc6 10. Nb3 Ba7 11. Bg5 e5 12. Rad1 Be6 13. Nc1 Rad8 14. b4 h6 15.
Bh4 g5 16. Bg3 Nd7 17. Bd3 f6 18. Nb3 Qg7 19. h4 Ne7 20. Qe2 Ng6 21. Bc4 Bf7
22. Na5 b5 23. Bxf7+ Qxf7 24. Nc6 Ra8 25. Qd3 Nb6 26. Qc2 g4 27. Nd2 Nf4 28.
Kh2 Na4 29. c4 Ne2 30. cxb5 axb5 31. Nb3 Nxg3 32. fxg3 Qe6 33. Rd5 Bc5 34. Nxc5
Qxc6 35. Qb3 Kh8 36. Nd7 Rfd8 37. Rxf6 Qc1 38. Nxe5 Re8 39. Rxh6+ Qxh6 40. Nf7+
Kg7 41. Nxh6 Kxh6 42. Qe3+ Kh7 43. Rd7+ Kg8 44. Qg5+ 1-0

[Event "DEM U12/U12w 2013"]
[Site "Oberhof GER"]
[Date "2013.05.24"]
[Round "9"]
[White "Wolf, Pablo"]
[Black "Nguyen, Ha Thanh"]
[Result "1/2-1/2"]
[Termination "normal"]
[Board "31"]
[WhiteElo "1506"]
[BlackElo "1570"]
[PlyCount "44"]
[WhiteFideId "12943894"]
[BlackFideId "12942154"]
[EventCountry "GER"]
[EventRounds "11"]
[EventType "swiss"]
[EventDate "2013.05.18"]

1. e4 c5 2. Nc3 Nc6 3. g3 g6 4. Bg2 Bg7 5. d3 b6 6. f4 e6 7. Nf3 Nge7 8. O-O
Bb7 9. Re1 O-O 10. Be3 d5 11. exd5 exd5 12. Bf2 Qd7 13. Qd2 Rfe8 14. Re2 Nd4
15. Nxd4 cxd4 16. Nd1 Rac8 17. c3 Nc6 18. Rc1 Rxe2 19. Qxe2 Re8 20. Qf3 Rd8 21.
Kh1 dxc3 22. Nxc3 Nb4 1/2-1/2

[Event "DEM U12/U12w 2013"]
[Site "Oberhof GER"]
[Date "2013.05.24"]
[Round "9"]
[White "Forster, Lukas"]
[Black "Arnhold, Steffi"]
[Result "1/2-1/2"]
[Termination "normal"]
[Board "32"]
[WhiteElo "1494"]
[BlackElo "1273"]
[PlyCount "55"]
[WhiteFideId "12971790"]
[BlackFideId "12931365"]
[EventCountry "GER"]
[EventRounds "11"]
[EventType "swiss"]
[EventDate "2013.05.18"]

1. e4 c5 2. Nf3 d6 3. d4 cxd4 4. Nxd4 Nf6 5. Nc3 a6 6. Be3 e6 7. f3 h5 8. Qd2
Qc7 9. O-O-O Bd7 10. Be2 Nc6 11. h3 h4 12. Bg5 Be7 13. Kb1 Nxd4 14. Qxd4 Rc8
15. Be3 b5 16. Bd3 Qc5 17. Qxc5 dxc5 18. e5 Nh5 19. Ne4 Ng3 20. Nxg3 hxg3 21.
Bf4 Bh4 22. Be4 Bc6 23. Rhe1 Bxe4 24. Rxe4 Ke7 25. Ree1 Rhd8 26. Rd6 Rxd6 27.
exd6+ Kd7 28. Re5 1/2-1/2

[Event "DEM U12/U12w 2013"]
[Site "Oberhof GER"]
[Date "2013.05.24"]
[Round "9"]
[White "Wübker, Paul-Luca"]
[Black "Recktenwald, Cedric"]
[Result "0-1"]
[Termination "normal"]
[Board "34"]
[WhiteElo "1479"]
[BlackElo "1042"]
[PlyCount "92"]
[WhiteFideId "12939528"]
[BlackFideId "12971928"]
[EventCountry "GER"]
[EventRounds "11"]
[EventType "swiss"]
[EventDate "2013.05.18"]

1. d4 Nf6 2. c4 e6 3. Nc3 Bb4 4. e3 O-O 5. Bd3 d5 6. cxd5 exd5 7. Nf3 Bg4 8.
O-O c6 9. Be2 Nbd7 10. Nd2 Bxe2 11. Qxe2 Qc7 12. a3 Bd6 13. Kh1 Rfe8 14. Qf3
Nf8 15. e4 dxe4 16. Ndxe4 Nxe4 17. Nxe4 Be7 18. Bf4 Qb6 19. Qc3 Ng6 20. Bg3
Rad8 21. f3 Qxd4 22. Qxd4 Rxd4 23. Bf2 Rd5 24. Bxa7 f5 25. Nc3 Rd2 26. Rab1 Bf6
27. Bf2 Nf4 28. Bg3 Nxg2 29. Rfd1 Rxd1+ 30. Rxd1 Nh4 31. Rd7 Re7 32. Rxe7 Bxe7
33. Bxh4 Bxh4 34. b3 Bf6 35. Na4 Be7 36. b4 Kf7 37. Nc3 Ke6 38. Kg2 Ke5 39. Kf2
Kd4 40. Ne2+ Kc4 41. Nf4 Kb3 42. Ne6 g6 43. b5 cxb5 44. Nd4+ Kc4 45. Ne6 Bxa3
46. Ke2 b4 0-1

[Event "DEM U12/U12w 2013"]
[Site "Oberhof GER"]
[Date "2013.05.24"]
[Round "9"]
[White "Ehmann, Johanna"]
[Black "Wendler, David"]
[Result "1-0"]
[Termination "normal"]
[Board "35"]
[WhiteElo "1350"]
[BlackElo "1548"]
[PlyCount "45"]
[WhiteFideId "12953130"]
[BlackFideId "12938360"]
[EventCountry "GER"]
[EventRounds "11"]
[EventType "swiss"]
[EventDate "2013.05.18"]

1. e4 e5 2. Nf3 Nc6 3. d4 exd4 4. Bc4 Nf6 5. e5 d5 6. Bb5 Ne4 7. Nxd4 Bc5 8.
Be3 Bd7 9. Bxc6 bxc6 10. Nd2 Nxd2 11. Qxd2 Bb6 12. O-O c5 13. Nf3 c6 14. Rfe1
O-O 15. Bg5 Qc7 16. Bf6 gxf6 17. exf6 Kh8 18. Qh6 Rg8 19. Re7 Rg6 20. Qh5 Qd8
21. Ne5 Be6 22. Nxg6+ Kg8 23. Qh6 1-0